000 00542nam a2200169 4500
001 125912
003 ES-MaACL
005 20230906192723.0
007 t|
008 070214s1928 sp r ||||1| spa d
245 0 0 _aReglamento de los servicios del catastro urbano.
260 _aMadrid :
_bSucesores de Rivadeneyra,
_c1928.
300 _a80 p. ;
_c19 x 13 cm.
500 _aPrecede al tít.: Cámara Oficial de la Propiedad Urbana de Madrid.
710 2 _aCámara de la Propiedad Urbana de Madrid.
_92406
852 _aES-MaACL
_j1730-F-17
999 _c125912
_d125912